| 000 | 01299nam a2200325 i 4500 | ||
|---|---|---|---|
| 001 | 2639829 | ||
| 003 | EG-ScBUE | ||
| 005 | 20250521085346.0 | ||
| 008 | 840829t1963 nyua f b 001 0 eng d | ||
| 040 |
_aEG-ScBUE _beng _erda _cEG-ScBUE _dEG-ScBUE |
||
| 041 | 1 |
_aeng _hger |
|
| 082 | 0 | 4 |
_a532 _222 _bKAU |
| 100 | 1 |
_aKaufmann, Walther, _d1887- _96449 _eauthor. |
|
| 240 | 1 | 0 |
_aTechnische Hydro- und Aeromechanik. _lEnglish |
| 245 | 1 | 0 |
_aFluid mechanics / _cDr. Walther kaufmann, professor emeritus of mechanics, Technical University, Munish ; translated by Ernest G. Chilton, Stanford Research Institute. |
| 264 | 1 |
_aNew York : _bMcGraw-Hill Book Company, INC., _c[1963] |
|
| 264 | 4 | _cc1963 | |
| 300 |
_axiii, 432 pages : _billustrations ; _c24 cm |
||
| 336 |
_2rdacontent _atext _btxt |
||
| 337 |
_aunmediated _2rdamedia _bn |
||
| 338 |
_avolume _bnc _2rdacarrier |
||
| 500 | _a"First published in the German language under title: Technische Hydro- und Aeromechanik." | ||
| 504 | _aIncludes bibliographical references and index. | ||
| 546 | _aText in English ; translated from the original Germany language. | ||
| 650 | 7 |
_aFluid mechanics. _96450 _2BUEsh |
|
| 650 | 7 |
_aAerodynamics. _96451 _2BUEsh |
|
| 655 | _vReading book | ||
| 700 | 1 |
_aChilton, Ernest G., _etranslator. |
|
| 942 |
_2ddc _cBB |
||
| 999 |
_c11895 _d11895 |
||